00406nam a2200133 a 4500008004100000020001500041050002300056245004300079246006400122250001200186260003200198300003300230350000900263120416s0000 ||||||||||||||||| || u a0070198888 aREF TH 9445.M4 Fac10aHandbook of industrial loss prevention arecommended practices for the protection of property and... a2nd ed. aNew YorkbMcGrwa-Hillc1967 aiv, (various pagings) : ill. a0.00